|
|
|
|
| LEADER |
00000nab a2200000 a 4500 |
| 001 |
vtls000855752 |
| 003 |
SK-MaSNL |
| 005 |
20260304111821.0 |
| 008 |
250429c2003 xo 0 slo |
| 015 |
|
|
|a SNBRB2003/12-35709
|
| 035 |
|
|
|a CLN000207407
|
| 035 |
|
|
|a urn:nbn:sk:snk-abbwwz
|
| 035 |
|
|
|a (urnnbn)urn:nbn:sk:snk:ar-001ii1
|
| 035 |
|
|
|a (uuid)b7663181-6d1b-4281-86b0-c9df65fe1a50
|
| 040 |
|
|
|a SNKBUCL
|b slo
|c SNKBUCL
|e AACR2
|
| 041 |
0 |
|
|a slo
|
| 044 |
|
|
|a xo
|c SK
|
| 080 |
|
|
|a 661.687:539.551
|2 1997
|
| 080 |
|
|
|a 539.551
|2 1997
|
| 245 |
0 |
0 |
|a <<The>> effect of lanthanides and nitrogen on microhardness of oxynitride glasses
|c František Lofaj ... [et al.]
|
| 300 |
|
|
|b Obr., tab.
|
| 504 |
|
|
|a Bibliogr. odkazy
|
| 504 |
|
|
|a Res. angl., slov.
|
| 650 |
0 |
7 |
|a nitrid kremíka
|2 snkbucl
|9 965767
|
| 650 |
0 |
7 |
|a sklá oxynitridické
|x mikrotvrdosť
|x lantanoidy
|x dusík
|2 snkbucl
|9 1412828
|
| 650 |
0 |
7 |
|a mikrotvrdosť
|2 snkbucl
|9 874116
|
| 655 |
|
7 |
|a články z novín a časopisov
|2 snkbucl
|9 267496
|
| 700 |
1 |
|
|a Lofaj, František,
|d 1960-
|4 aut
|9 11854
|
| 700 |
1 |
|
|a Dorčáková, Františka
|4 aut
|9 26469
|
| 700 |
1 |
|
|a Hoffmann, Michael J.
|4 aut
|9 1412829
|
| 700 |
1 |
|
|a Arellano López, Antonio Ramírez de
|4 aut
|9 1412830
|
| 700 |
1 |
|
|a Kovalčík, Jozef
|4 aut
|9 483512
|
| 773 |
0 |
|
|t Kovové materiály
|g Roč. 41, č. 3 (2003), s. 145-157
|x 0023-432X
|
| 850 |
|
|
|a Slovenská národná knižnica
|
| 852 |
|
|
|a Slovenská národná knižnica
|
| 958 |
|
|
|a article15
|
| 958 |
|
|
|a OND
|
| 958 |
|
|
|a NB
|
| 958 |
|
|
|a RBX
|
| 958 |
|
|
|a EUIPO
|
| 999 |
|
|
|c 2863301
|d 2865231
|